| 000 -ლიდერი |
| ფიქსირებული სიგრძის საკონტროლო ველი |
01049nam a22002177a 4500 |
| 003 - საკონტროლო ნომრის იდენტიფიკატორი |
| საკონტროლო ველი |
Ge_BSU |
| 005 - ბოლო ოპერაციის თარიღი და დრო |
| საკონტროლო ველი |
20230622122730.0 |
| 008 - ფიქსირებული სიგრძის მონაცემთა ელემენტები - ზოგადი ინფორმაცია |
| ფიქსირებული სიგრძის საკონტროლო ველი |
230622s2000 ge ||||| |||| 00| 0 geo d |
| 020 ## - წიგნის საერთაშორისო სტანდარტული ნომერი |
| International Standard Book Number |
9992844434 |
| 041 ## - ენის კოდი |
| Language code of text/sound track or separate title |
geo |
| 080 ## - უნივერსალური ათობითი კლასიფიკაციის ინდექსი |
| Universal Decimal Classification number |
94(=411.16)(479.22) კ-71 |
| 100 ## - მთავარი ჩანაწერი - პიროვნების სახელი |
| Personal name |
კომახიძე, თეიმურაზ |
| 9 (RLIN) |
3432 |
| 245 ## - ცნობა სათაურის შესახებ |
| Title |
ღვაწლმოსილი მეცნიერი / |
| Statement of responsibility, etc |
თეიმურაზ კომახიძე ; რედ. ჯემალ ხოფერია. |
| 264 ## - წარმოების, გამოცემის, დისტრიბუციის და სხვა ცნობები |
| გამოცემის, წარმოების, დისტრიბუციის... ადგილი |
ბათუმი : |
| გამოცემის, წარმოების, დისტრიბუციის... სახელწოდება |
ს.ს. "გამომცემლობა აჭარა", |
| გამოცემის, წარმოების, დისტრიბუციის... თარიღი |
2000. |
| 300 ## - ფიზიკური აღწერა |
| Extent |
248 გვ. : |
| Other physical details |
ფოტ. ; |
| Dimensions |
20 სმ. |
| 500 ## - ზოგადი შენიშვნა |
| General note |
ეძღვნება დავით ხახუტაიშვილის ხსოვნას. |
| 653 ## - INDEX TERM--UNCONTROLLED |
| Uncontrolled term |
ხახუტაიშვილი, დავით |
| 653 ## - INDEX TERM--UNCONTROLLED |
| Uncontrolled term |
ქართველი არქეოლოგები |
| 700 ## - ADDED ENTRY--PERSONAL NAME |
| Personal name |
ხოფერია, ჯემალ |
| Relator term |
რედაქტორი |
| 9 (RLIN) |
3862 |
| 942 ## - ADDED ENTRY ELEMENTS (KOHA) |
| Source of classification or shelving scheme |
|
| Koha item type |
წიგნი |